00000000nam 2200000zi 4500
0019.952584
003CaOODSP
00520250912105826
006m     o  d f      
007cr mn|||||||||
008250623e202506##onc     o    f000 0 eng d
020 |a9780660779218
040 |aCaOODSP|beng|erda|cCaOODSP
043 |an-cn---
0861 |aCP22-215/2025E-PDF
24500|aHealth, attitudes, and behavioural insights tracker (HABIT) survey : |bmethodology report / |csubmitted to Privy Council Office (PCO) ; prepared by Leger.
264 1|aOttawa, ON : |bGovernment of Canada, Privy Council Office = Gouvernement du Canada, Bureau du Conseil privé, |cJune 2025.
264 4|c©2025
300 |a1 online resource (77 pages)
336 |atext|btxt|2rdacontent
337 |acomputer|bc|2rdamedia
338 |aonline resource|bcr|2rdacarrier
500 |aIssued also in English under title: Enquête sur la santé, les attitudes et les connaissances comportementales (SACC) : rapport méthodologie.
500 |aTitle from cover.
500 |a"Contract number: 35035-240618."
500 |a"Registration number: POR 015-24."
500 |a"Delivery date: June 16, 2025."
650 0|aHealth attitudes|zCanada.
650 0|aMental health|zCanada|xPublic opinion.
650 0|aMedical care|zCanada|xPublic opinion.
650 0|aMental health services|zCanada|xPublic opinion.
650 0|aHealth behavior|zCanada|xPublic opinion.
650 0|aCommunicable diseases|zCanada|xPrevention|xPublic opinion.
650 0|aVaccination|zCanada|xPublic opinion.
650 0|aPublic opinion|zCanada.
7101 |aCanada. |bPrivy Council Office, |eissuing body.
7102 |aLéger Marketing, |econsultant.
77508|tEnquête sur la santé, les attitudes et les connaissances comportementales (SACC) : |w(CaOODSP)9.952586
795 |tHealth, attitudes, and behavioural insights tracker (HABIT) survey : |w(CaOODSP)9.935684
85640|qPDF|s1.01 MB|uhttps://publications.gc.ca/collections/collection_2025/bcp-pco/CP22-215-2025-eng.pdf|zMethodology report
8564 |qHTML|sN/A|uhttps://epe.bac-lac.gc.ca/100/200/301/pwgsc-tpsgc/por-ef/privy_council/2025/015-24-e/015-24-report.htm|zMethodology report
8564 |qHTML|sN/A|uhttps://epe.bac-lac.gc.ca/100/200/301/pwgsc-tpsgc/por-ef/privy_council/2025/015-24-e/index.html|z(complete dataset)